Working with Zia: Pakistan's Power Politics / (Record no. 614030)

000 -LEADER
fixed length control field 00494nam a22001457a 4500
020 ## - INTERNATIONAL STANDARD BOOK NUMBER
International Standard Book Number 0195775708
040 ## - CATALOGING SOURCE
Transcribing agency NUST
082 ## - DEWEY DECIMAL CLASSIFICATION NUMBER
Edition number 21st
Classification number 954.9105
Author Mark ARI
100 ## - MAIN ENTRY--PERSONAL NAME
Personal name Arif, General Khalid Mahmud
9 (RLIN) 129343
245 ## - TITLE STATEMENT
Title Working with Zia: Pakistan's Power Politics /
Statement of responsibility, etc. Genral Khalid Mahumd Arif
260 ## - PUBLICATION, DISTRIBUTION, ETC.
Place of publication, distribution, etc. Karachi:
Name of publisher, distributor, etc. Oxford University Press,
Date of publication, distribution, etc. 1995.
300 ## - PHYSICAL DESCRIPTION
Extent xvii, 435p. :
Dimensions 26cm.
650 ## - SUBJECT ADDED ENTRY--TOPICAL TERM
Topical term or geographic name entry element Pakistan's Power Politics, Pakistan
9 (RLIN) 129326
942 ## - ADDED ENTRY ELEMENTS (KOHA)
Source of classification or shelving scheme
Koha item type Book
Classification part 954.9105
Holdings
Withdrawn status Lost status Source of classification or shelving scheme Damaged status Not for loan Permanent Location Current Location Date acquired Total Checkouts Full call number Barcode Checked out Date last seen Date last checked out Price effective from Koha item type
          Central Library (CL) Central Library (CL) 07/01/2025 1 954.9105 ARI CL-D-2965 08/07/2025 07/08/2025 07/08/2025 07/01/2025 Book
© 2023 Central Library, National University of Sciences and Technology. All Rights Reserved.